000
00338nam a22001457a 4500
008
210526b ||||| |||| 00| 0 eng d
020
_a
9780766828667
041
_a
eng
080
_2
3rd
_a
338
082
_a
338
100
_a
53
101
_a
MEN
245
_a
Health Promotion in the Workplace
_c
Michael P. O'Donnell
942
_2
udc
_c
BK
999
_c
57616
_d
57616